000 00309pam a2200109a 44500
008 230405s2015 xxu||||| |||| 00| 0 eng d
041 _aENG
100 _aPAMELA C / HARVEY
245 _aLIPPINCOOTS IIIUSTRATED REVIEW BIOCHEMISTRY ( PAMELA)
260 _a
_bLIPPINCOTT RAVEN PUB NEW YORK
_c2015
906 _a5352
999 _c280623
_d280623